Sistemas de información para la toma de decisiones / Daniel Cohen Karen (Registro nro. 23391)

Detalles MARC
000 -LÍDER
fixed length control field 00375nam a2200121 4500
020 ## - NÚMERO INTERNACIONAL NORMALIZADO PARA LIBROS
ISBN 970-10-0428-0
082 ## - NUMERO DE CLASIFICACION DECIMAL DEWEY
Número de Clasificación 658.403 C233s
100 ## - ASIENTO PRINCIPAL--NOMBRE PERSONAL
Nombre personal Cohen Karen, Daniel
245 ## - TÍTULO
Título Sistemas de información para la toma de decisiones / Daniel Cohen Karen
260 ## - PUBLICACIÓN, DISTRIBUCIÓN, ETC. (PIE DE IMPRENTA)
Lugar de publicación, distribución, etc. Mexico : McGraw-Hill
300 ## - DESCRIPCIÓN FÍSICA
Extensión XIV, 138p. / 23 cm.
650 ## - ASIENTO SECUNDARIO DE MATERIA - TERMINO TEMÁTICO
Término temático o nombre geográfico como elemento de entrada 1. SISTEMA DE INFORMACION \ 2. BASES DE DATOS
Existencias
No. biblioteca No. biblioteca Número de clasificación Código de barras/Número de adquisición Número de copia Tipo de material
LUIS G. INCLAN LUIS G. INCLAN 658.403 C233s 21281 6 Libros
LUIS G. INCLAN LUIS G. INCLAN 658.403 C233s 26101 10 Libros
LUIS G. INCLAN LUIS G. INCLAN 658.403 C233s 21280 5 Libros
Calzada Tecnológico # 27, Zacatepec, Morelos.
01(734) 343-07-23 / 343-21-10 / 343-21-11
Apdo. Postal 45 C.P 62780